000 00455nam a22001577a 4500
005 20241031153322.0
008 241031b |||||||| |||| 00| 0 eng d
020 _a9789988223250
_qPaperback
050 _aBS680
_b.S47As1 ASA 2015
100 _aAsamoah, Frederick Kwame
245 _aLiving To Serve
_cFrederick Kwame Asamoah
260 _aAccra
_bFrederick Kwame Asamoah
_cc2015
300 _aviii, 102 pages
_c19cm
650 _2Purpose
942 _2lcc
_cBK
_n0
999 _c476
_d476